| 000 | 00588nam a2200157Ia 4500 | ||
|---|---|---|---|
| 008 | 230907s9999||||xx |||||||||||||| ||und|| | ||
| 082 |
_a621.1 _bIFT |
||
| 100 |
_aIftikhar Bashir Butt (00000204920) _9116511 |
||
| 245 | 0 | _aDesign & modelling of absorption cooling system integrated with solar thermal storage: utilizing solar energy for cooling of an educational building in Pakistan using TRNSYS / | |
| 260 |
_aUSPCAS-E, NUST, _bIslamabad : _c2020 |
||
| 300 | _a61 p. | ||
| 520 | _aTH-211 | ||
| 650 | _aMS-ESE Thesis MS Thesis | ||
| 700 |
_aDr. Adeel Waqas _928869 |
||
| 942 |
_cTHE _2ddc |
||
| 999 |
_c601890 _d601890 |
||